00750 a2200253 4500260001000000630011500010650003100125100001600156700001600172440000700188260001100195245004800206300001100254650001500265650001300280650001500293260000900308300001000317100000700327037001000334440003800344999001700382952009700399 aParis a91 - Geographie. Exploration de la terre, des diverses regions, des divers pays. Voyages. Geographie regionale a9 - GEOGRAPHIE ET HISTOIRE aTermier, H. aTermier, G. n18 bMasson aLa Trame géologique de l'histoire humaine a186 p. aGéologie aSéisme aHumanité c1961 b22 cm lFr a14948 aCollection Evolution des sciences c35540d35540 00104070aBUACbBUACd2009-02-28l0o9112/551.7 TERr2009-02-28 00:00:00w2009-02-28yLIVR